[Event "BL2 Ost 2122 (Women)"]
[Site "Germany"]
[Date "2022.04.10"]
[Round "7.4"]
[White "Mueller Ludwig, Kristin"]
[Black "Moldenhauer, Antje"]
[Result "1-0"]
[WhiteElo "2024"]
[BlackElo "1814"]
[PlyCount "67"]
[EventDate "2021.11.27"]
[EventType "team-tourn"]
[EventRounds "7"]
[EventCountry "GER"]
[SourceTitle "EXT 2023"]
[Source "ChessBase"]
[SourceDate "2022.10.05"]
[SourceVersion "1"]
[SourceVersionDate "2022.10.05"]
[SourceQuality "1"]
[WhiteTeam "Medizin Erfurt (W)"]
[BlackTeam "Coswig (W)"]
[WhiteTeamCountry "GER"]
[BlackTeamCountry "GER"]

1. e4 c5 2. Nf3 d6 3. d4 cxd4 4. Nxd4 Nf6 5. Nc3 g6 6. f3 Bg7 7. Be3 0-0 8. Qd2 Nc6 9. 0-0-0 d5 10. Qe1 e5 11. Nxc6 bxc6 12. exd5 Nxd5 13. Ne4 Qc7 14. Bc5 Rd8 15. c4 Be6 16. Kb1 h6 17. Rc1 Nb6 18. Qa5 f5 19. Nc3 Qf7 20. b3 Rab8 21. Kc2 e4 22. Be2 Qf6 23. Rhd1 Qg5 24. fxe4 Qxg2 25. Rg1 Bxc3 26. Rxg2 Bxa5 27. Rxg6+ Kh7 28. Rxe6 Rd2+ 29. Kb1 Rxe2 30. Re7+ Kh8 31. Rxa7 Bd2 32. Bd4+ Kg8 33. Rg1+ Kf8 34. Bc5+ 1-0

[Event "BL2 Ost 2122 (Women)"]
[Site "Germany"]
[Date "2022.04.09"]
[Round "6.4"]
[White "Wolf, Sylvia"]
[Black "Mueller Ludwig, Kristin"]
[Result "1/2-1/2"]
[WhiteElo "2036"]
[BlackElo "2024"]
[PlyCount "55"]
[EventDate "2021.11.27"]
[EventType "team-tourn"]
[EventRounds "7"]
[EventCountry "GER"]
[SourceTitle "EXT 2023"]
[Source "ChessBase"]
[SourceDate "2022.10.05"]
[SourceVersion "1"]
[SourceVersionDate "2022.10.05"]
[SourceQuality "1"]
[WhiteTeam "Rotation Pankow (W)"]
[BlackTeam "Medizin Erfurt (W)"]
[WhiteTeamCountry "GER"]
[BlackTeamCountry "GER"]

1. e4 e6 2. d4 d5 3. e5 b6 4. Nf3 Qd7 5. Be2 c5 6. 0-0 h6 7. Be3 Ba6 8. c3 Bxe2 9. Qxe2 Nc6 10. Nbd2 cxd4 11. cxd4 Nge7 12. Rfc1 Rc8 13. Rc2 Nb4 14. Rxc8+ Nxc8 15. Ne1 Qa4 16. Rc1 Ne7 17. a3 Qa6 18. Qd1 Nbc6 19. Rc3 g6 20. Qc2 Kd7 21. b4 Bg7 22. Nd3 Rc8 23. a4 Nb8 24. Nb3 Rxc3 25. Qxc3 Qc4 26. Bd2 Bf8 27. Nb2 Qxc3 28. Bxc3 1/2-1/2

[Event "Oberliga Ost-B 1920"]
[Site "Germany"]
[Date "2020.03.01"]
[Round "9.5"]
[White "Stork, Oliver"]
[Black "Mueller Ludwig, Kristin"]
[Result "1-0"]
[WhiteElo "2367"]
[BlackElo "2055"]
[PlyCount "157"]
[EventDate "2019.09.29"]
[EventType "team-tourn"]
[EventRounds "11"]
[EventCountry "GER"]
[SourceTitle "EXT 2023"]
[Source "ChessBase"]
[SourceDate "2022.10.05"]
[SourceVersion "1"]
[SourceVersionDate "2022.10.05"]
[SourceQuality "1"]
[WhiteTeam "Oberursel"]
[BlackTeam "Erfurt Medizin"]
[WhiteTeamCountry "GER"]
[BlackTeamCountry "GER"]

1. d4 Nf6 2. Bf4 g6 3. Nc3 d5 4. e3 Bg7 5. h4 a6 6. Be2 h5 7. Nf3 Bg4 8. Ne5 Bxe2 9. Qxe2 Nbd7 10. 0-0-0 c6 11. Kb1 Qa5 12. f3 Nxe5 13. Bxe5 0-0-0 14. e4 e6 15. Qd2 Ne8 16. Nxd5 Rxd5 17. Bxg7 Nxg7 18. exd5 Qxd5 19. Qf4 Nf5 20. g4 Qd6 21. Qxd6 Nxd6 22. Rde1 Kd7 23. Kc1 Ne8 24. Kd2 Nf6 25. Reg1 Kd6 26. c4 b5 27. b3 Rb8 28. Kc2 a5 29. Rg2 Rb7 30. a3 Rb8 31. Re1 Rh8 32. Rh1 Rb8 33. Kc3 bxc4 34. bxc4 hxg4 35. fxg4 Ne4+ 36. Kc2 c5 37. dxc5+ Kxc5 38. h5 Kxc4 39. hxg6 fxg6 40. Rh7 Rc8 41. Rd7 Kb5+ 42. Kb2 Nc5 43. Rg7 Nd3+ 44. Ka2 Ka4 45. g5 Nc1+ 46. Kb1 Nd3 47. Rc2 Rf8 48. Rxg6 Rf1+ 49. Ka2 Nc1+ 50. Kb2 Nd3+ 51. Kc3 Nf4 52. Rh6 e5 53. Kb2 Nd3+ 54. Ka2 Nc1+ 55. Rxc1 Rxc1 56. Rh4+ Kb5 57. Rg4 Rc7 58. Kb3 Rg7 59. g6 a4+ 60. Kc3 Kc5 61. Kd3 Kd5 62. Rxa4 e4+ 63. Kc3 Ke5 64. Ra6 Kf4 65. Kd2 Rd7+ 66. Ke2 Rb7 67. a4 e3 68. Rf6+ Kg5 69. Re6 Kf5 70. Rxe3 Kxg6 71. Kd3 Rb3+ 72. Kd2 Rb4 73. Ra3 Kf5 74. Kc3 Rb8 75. Kc4 Ke6 76. Rd3 Rc8+ 77. Kb5 Rb8+ 78. Kc6 Ra8 79. Re3+ 1-0

[Event "Oberliga Ost-B 1920"]
[Site "Germany"]
[Date "2020.02.29"]
[Round "8.5"]
[White "Mueller Ludwig, Kristin"]
[Black "Schaack, Harry"]
[Result "1/2-1/2"]
[WhiteElo "2055"]
[BlackElo "2189"]
[PlyCount "50"]
[EventDate "2019.09.29"]
[EventType "team-tourn"]
[EventRounds "11"]
[EventCountry "GER"]
[SourceTitle "EXT 2023"]
[Source "ChessBase"]
[SourceDate "2022.10.05"]
[SourceVersion "1"]
[SourceVersionDate "2022.10.05"]
[SourceQuality "1"]
[WhiteTeam "Erfurt Medizin"]
[BlackTeam "Schoeneck"]
[WhiteTeamCountry "GER"]
[BlackTeamCountry "GER"]

1. e4 c6 2. d4 d5 3. Nc3 dxe4 4. Nxe4 Bf5 5. Ng3 Bg6 6. Nf3 Nd7 7. h4 h6 8. h5 Bh7 9. Bd3 Bxd3 10. Qxd3 Ngf6 11. Bd2 e6 12. 0-0-0 Be7 13. Qe2 0-0 14. Kb1 c5 15. Bc1 Re8 16. Ne4 Qb6 17. dxc5 Nxc5 18. Nxf6+ Bxf6 19. Ne5 Rad8 20. Rxd8 Rxd8 21. Rh3 Bxe5 22. Qxe5 Rd5 23. Qb8+ Rd8 24. Qe5 Rd5 25. Qb8+ Rd8 1/2-1/2

[Event "BL 1920 (Women)"]
[Site "Germany"]
[Date "2020.02.16"]
[Round "8.4"]
[White "Badelka, Olga"]
[Black "Mueller Ludwig, Kristin"]
[Result "1-0"]
[WhiteElo "2399"]
[BlackElo "2061"]
[PlyCount "93"]
[EventDate "2019.09.14"]
[EventType "team-tourn"]
[EventRounds "11"]
[EventCountry "GER"]
[SourceTitle "CBM 195 Extra"]
[Source "ChessBase"]
[SourceDate "2020.05.31"]
[SourceVersion "1"]
[SourceVersionDate "2020.05.31"]
[SourceQuality "1"]
[WhiteTeam "Schwaebisch Hall (W)"]
[BlackTeam "Erfurt Medizin (W)"]
[WhiteTeamCountry "GER"]
[BlackTeamCountry "GER"]

1. c4 Nf6 2. Nc3 g6 3. g3 Bg7 4. Bg2 0-0 5. e4 e5 6. Nge2 d6 7. 0-0 Nbd7 8. d3 Nc5 9. h3 a6 10. Be3 Nfd7 11. f4 Ne6 12. f5 Nd4 13. g4 c6 14. Ng3 Qh4 15. Bf2 Qg5 16. Nce2 c5 17. Nc3 Bh6 18. Nd5 Qd2 19. h4 f6 20. Qxd2 Bxd2 21. Rad1 Ba5 22. fxg6 hxg6 23. Be3 Kg7 24. g5 Bd8 25. a3 fxg5 26. Bxg5 Bxg5 27. hxg5 Ne6 28. Rxf8 Ndxf8 29. Nb6 Rb8 30. Bh3 Kf7 31. Rf1+ Ke7 32. Nd5+ Ke8 33. Bxe6 Bxe6 34. Rf6 Kd7 35. Ne2 Bxd5 36. exd5 Ke7 37. Nc3 b5 38. cxb5 axb5 39. Ne4 c4 40. Kf2 cxd3 41. Ke3 b4 42. a4 b3 43. Kxd3 Rb4 44. Nc3 Rd4+ 45. Ke3 Rg4 46. Ne4 Rxg5 47. Rxf8 1-0

[Event "BL 1920 (Women)"]
[Site "Germany"]
[Date "2020.02.15"]
[Round "7.4"]
[White "Mueller Ludwig, Kristin"]
[Black "Agrest, Inna"]
[Result "1/2-1/2"]
[WhiteElo "2061"]
[BlackElo "2320"]
[PlyCount "120"]
[EventDate "2019.09.14"]
[EventType "team-tourn"]
[EventRounds "11"]
[EventCountry "GER"]
[SourceTitle "CBM 195 Extra"]
[Source "ChessBase"]
[SourceDate "2020.05.31"]
[SourceVersion "1"]
[SourceVersionDate "2020.05.31"]
[SourceQuality "1"]
[WhiteTeam "Erfurt Medizin (W)"]
[BlackTeam "Deizisau (W)"]
[WhiteTeamCountry "GER"]
[BlackTeamCountry "GER"]

1. e4 e5 2. Nf3 Nc6 3. Bb5 a6 4. Ba4 Nf6 5. 0-0 Bc5 6. c3 b5 7. Bc2 d5 8. a4 dxe4 9. axb5 exf3 10. Qxf3 e4 11. Bxe4 Ne5 12. Qe2 0-0 13. d4 Bg4 14. Qc2 Nxe4 15. Qxe4 Nf3+ 16. gxf3 Bh3 17. dxc5 Bxf1 18. Kxf1 Qd1+ 19. Qe1 Qxf3 20. Be3 Rad8 21. Nd2 Qh3+ 22. Kg1 axb5 23. Qf1 Qh5 24. Qg2 f5 25. Bd4 g6 26. Re1 f4 27. Qf3 Qg5+ 28. Kh1 Qf5 29. Re7 Rd7 30. Rxd7 Qxd7 31. Ne4 Qe6 32. Ng5 Qf5 33. Ne4 Qe6 34. c6 Qxc6 35. Ng5 Qxf3+ 36. Nxf3 h6 37. h4 Re8 38. Kg2 Re2 39. b4 Re6 40. Be5 Re7 41. Bxf4 h5 42. Nd4 c6 43. Nxc6 Re4 44. Bg5 Rc4 45. Ne5 Rxc3 46. Nxg6 Rc4 47. Nf4 Rxb4 48. Nxh5 Kf7 49. Kf3 Kg6 50. Nf4+ Kf5 51. Nd5 Rb1 52. Ne3+ Kg6 53. Ke4 b4 54. Nc4 b3 55. Kd3 b2 56. Kc2 Rf1 57. Kxb2 Rxf2+ 58. Kc3 Kh5 59. Ne3 Rh2 60. Kd4 Rxh4+ 1/2-1/2

[Event "BL 1920 (Women)"]
[Site "Germany"]
[Date "2020.02.02"]
[Round "6.4"]
[White "Mueller Ludwig, Kristin"]
[Black "Schmidt, Jessica"]
[Result "1/2-1/2"]
[WhiteElo "2061"]
[BlackElo "2239"]
[PlyCount "51"]
[EventDate "2019.09.14"]
[EventType "team-tourn"]
[EventRounds "11"]
[EventCountry "GER"]
[SourceTitle "CBM 195 Extra"]
[Source "ChessBase"]
[SourceDate "2020.05.31"]
[SourceVersion "1"]
[SourceVersionDate "2020.05.31"]
[SourceQuality "1"]
[WhiteTeam "Erfurt Medizin (W)"]
[BlackTeam "Karlsruhe (W)"]
[WhiteTeamCountry "GER"]
[BlackTeamCountry "GER"]

1. e4 d5 2. exd5 Qxd5 3. Nc3 Qa5 4. d4 Nf6 5. Bc4 Bf5 6. Bd2 c6 7. Nge2 e6 8. 0-0 Qc7 9. Bf4 Bd6 10. Bxd6 Qxd6 11. Ng3 Bg6 12. Re1 0-0 13. Nce4 Nxe4 14. Nxe4 Qb4 15. Bb3 Nd7 16. c3 Qb6 17. Qe2 c5 18. Nxc5 Nxc5 19. dxc5 Qxc5 20. Qe3 Qxe3 21. Rxe3 Rfd8 22. Re2 Rd6 23. Rd1 Rxd1+ 24. Bxd1 Rd8 25. Bb3 Kf8 26. f3 1/2-1/2

[Event "Oberliga Ost-B 1920"]
[Site "Germany"]
[Date "2020.01.18"]
[Round "6.5"]
[White "Mueller Ludwig, Kristin"]
[Black "Siebarth, Marco"]
[Result "1/2-1/2"]
[WhiteElo "2055"]
[BlackElo "2018"]
[PlyCount "42"]
[EventDate "2019.09.29"]
[EventType "team-tourn"]
[EventRounds "11"]
[EventCountry "GER"]
[SourceTitle "EXT 2021"]
[Source "ChessBase"]
[SourceDate "2020.10.23"]
[SourceVersion "1"]
[SourceVersionDate "2020.10.23"]
[SourceQuality "1"]
[WhiteTeam "Erfurt Medizin"]
[BlackTeam "Stadtilm Blau Weiss"]
[WhiteTeamCountry "GER"]
[BlackTeamCountry "GER"]

1. e4 c5 2. Nf3 d6 3. d4 cxd4 4. Nxd4 Nf6 5. Nc3 a6 6. Be3 e5 7. Nb3 Be7 8. h3 Qc7 9. g4 h6 10. Bg2 b5 11. a4 b4 12. Nd5 Nxd5 13. Qxd5 Nc6 14. a5 Be6 15. Qd3 Bxb3 16. Qxb3 Nxa5 17. Qxb4 Nc4 18. Qa4+ Kf8 19. Bc1 Bg5 20. 0-0 Bxc1 21. Rfxc1 Nxb2 1/2-1/2

[Event "Oberliga Ost-B 1920"]
[Site "Germany"]
[Date "2019.12.07"]
[Round "4.4"]
[White "Skliarov, Viktor"]
[Black "Mueller Ludwig, Kristin"]
[Result "1-0"]
[WhiteElo "2375"]
[BlackElo "2055"]
[PlyCount "53"]
[EventDate "2019.09.29"]
[EventType "team-tourn"]
[EventRounds "11"]
[EventCountry "GER"]
[SourceTitle "EXT 2021"]
[Source "ChessBase"]
[SourceDate "2020.10.23"]
[SourceVersion "1"]
[SourceVersionDate "2020.10.23"]
[SourceQuality "1"]
[WhiteTeam "Bad Emstal/Wolfhagen"]
[BlackTeam "Erfurt Medizin"]
[WhiteTeamCountry "GER"]
[BlackTeamCountry "GER"]

1. e4 e6 2. d4 d5 3. e5 c5 4. c3 Nc6 5. Nf3 Qb6 6. a3 Nh6 7. b4 cxd4 8. Bxh6 gxh6 9. cxd4 Rg8 10. h3 Bd7 11. Ra2 h5 12. g3 h4 13. g4 Be7 14. Be2 h5 15. gxh5 Rc8 16. Rc2 a5 17. b5 Na7 18. a4 Bb4+ 19. Kf1 Qd8 20. Bd3 Rh8 21. Rg1 Rxc2 22. Qxc2 Nc8 23. Ng5 Ne7 24. Nh7 Ng8 25. Rg7 Qb6 26. Rxg8+ Rxg8 27. Nf6+ 1-0

[Event "BL 1920 (Women)"]
[Site "Germany"]
[Date "2019.09.14"]
[Round "1.4"]
[White "Gosciniak, Maria"]
[Black "Mueller Ludwig, Kristin"]
[Result "0-1"]
[WhiteElo "2132"]
[BlackElo "2061"]
[PlyCount "74"]
[EventDate "2019.09.14"]
[EventType "team-tourn"]
[EventRounds "11"]
[EventCountry "GER"]
[SourceTitle "EXT 2020"]
[Source "ChessBase"]
[SourceDate "2019.10.17"]
[SourceVersion "1"]
[SourceVersionDate "2019.10.17"]
[SourceQuality "1"]
[WhiteTeam "Harksheide (W)"]
[BlackTeam "Erfurt Medizin (W)"]
[WhiteTeamCountry "GER"]
[BlackTeamCountry "GER"]

1. c4 Nf6 2. Nc3 g6 3. g3 Bg7 4. Bg2 d6 5. Nf3 Nbd7 6. 0-0 0-0 7. d3 e5 8. Rb1 Re8 9. Nd2 a5 10. a3 c6 11. b4 axb4 12. axb4 Nb6 13. Bb2 d5 14. c5 Nbd7 15. Na4 b5 16. cxb6 Nxb6 17. Nc5 Ba6 18. Ndb3 Bb5 19. Na5 Nfd7 20. Nxd7 Qxd7 21. Qd2 Na4 22. Ba3 e4 23. dxe4 Nc3 24. e3 Bxf1 25. Rxf1 Nxe4 26. Qc1 Nc3 27. Kh1 c5 28. Nb3 cxb4 29. Bxb4 Na2 30. Qd2 Qb5 31. Qxd5 Qxb4 32. Nd4 Bxd4 33. exd4 Ra6 34. h4 Nc3 35. Qd7 Qe7 36. Qg4 h5 37. Qf4 Rf6 0-1

[Event "Oberliga Ost-B 1819"]
[Site "Germany"]
[Date "2019.03.24"]
[Round "9.5"]
[White "Mueller Ludwig, Kristin"]
[Black "Hellwig, Tobias"]
[Result "0-1"]
[WhiteElo "2005"]
[BlackElo "2187"]
[PlyCount "78"]
[EventDate "2018.10.21"]
[EventType "team-tourn"]
[EventRounds "11"]
[EventCountry "GER"]
[SourceTitle "EXT 2020"]
[Source "ChessBase"]
[SourceDate "2019.10.17"]
[SourceVersion "1"]
[SourceVersionDate "2019.10.17"]
[SourceQuality "1"]
[WhiteTeam "Erfurt Medizin"]
[BlackTeam "Sangerhausen"]
[WhiteTeamCountry "GER"]
[BlackTeamCountry "GER"]

1. e4 Nf6 2. e5 Nd5 3. d4 d6 4. c4 Nb6 5. exd6 exd6 6. Nc3 Nc6 7. d5 Ne5 8. f4 Ng4 9. Nf3 Qe7+ 10. Qe2 Bf5 11. Nd4 Bd7 12. h3 Nf6 13. g4 c6 14. dxc6 bxc6 15. g5 Nh5 16. Kf2 g6 17. Ne4 Bg7 18. Nxd6+ Kf8 19. Qxe7+ Kxe7 20. Nb3 Kxd6 21. c5+ Kc7 22. cxb6+ axb6 23. Bc4 Ra4 24. Nd2 Nxf4 25. Bb3 Raa8 26. Nf3 Nd3+ 27. Kg3 Be6 28. Rd1 Rhd8 29. Be3 Nxb2 30. Bf4+ Kb7 31. Rxd8 Rxd8 32. Bxe6 fxe6 33. Re1 Re8 34. Ne5 Bxe5 35. Rxe5 Nd3 36. Re4 Nxf4 37. Rxf4 Re7 38. Kf3 e5 39. Rf6 e4+ 0-1

[Event "Oberliga Ost-B 1819"]
[Site "Germany"]
[Date "2019.03.23"]
[Round "8.5"]
[White "Will, Matthias"]
[Black "Mueller Ludwig, Kristin"]
[Result "0-1"]
[WhiteElo "2002"]
[BlackElo "2005"]
[PlyCount "68"]
[EventDate "2018.10.21"]
[EventType "team-tourn"]
[EventRounds "11"]
[EventCountry "GER"]
[SourceTitle "EXT 2020"]
[Source "ChessBase"]
[SourceDate "2019.10.17"]
[SourceVersion "1"]
[SourceVersionDate "2019.10.17"]
[SourceQuality "1"]
[WhiteTeam "Naumburg"]
[BlackTeam "Erfurt Medizin"]
[WhiteTeamCountry "GER"]
[BlackTeamCountry "GER"]

1. Nf3 Nf6 2. c4 g6 3. b4 Bg7 4. Bb2 0-0 5. g3 c6 6. Qb3 a5 7. a3 axb4 8. axb4 Rxa1 9. Bxa1 Na6 10. Bc3 Qb6 11. d4 c5 12. b5 Ne4 13. e3 Nxc3 14. Qxc3 cxd4 15. exd4 Nc5 16. Nbd2 Qf6 17. Bg2 b6 18. Qe3 Nb7 19. Ne4 Qe6 20. d5 Qf5 21. 0-0 d6 22. Nh4 Qe5 23. Qxb6 g5 24. Nxg5 Qxg5 25. f4 Qf6 26. Nf3 Nc5 27. h3 Qc3 28. Qc7 Bf6 29. g4 Qe3+ 30. Kh1 Ne4 31. Re1 Nf2+ 32. Kg1 Nxh3+ 33. Kh2 Qxf4+ 34. Kxh3 Bxg4# 0-1

[Event "Oberliga Ost-B 1819"]
[Site "Germany"]
[Date "2019.02.02"]
[Round "6.5"]
[White "Lutz, Klaus Juergen"]
[Black "Mueller Ludwig, Kristin"]
[Result "1-0"]
[WhiteElo "2227"]
[BlackElo "2005"]
[PlyCount "51"]
[EventDate "2018.10.21"]
[EventType "team-tourn"]
[EventRounds "11"]
[EventCountry "GER"]
[SourceTitle "EXT 2020"]
[Source "ChessBase"]
[SourceDate "2019.10.17"]
[SourceVersion "1"]
[SourceVersionDate "2019.10.17"]
[SourceQuality "1"]
[WhiteTeam "Neuberg"]
[BlackTeam "Erfurt Medizin"]
[WhiteTeamCountry "GER"]
[BlackTeamCountry "GER"]

1. e4 e6 2. d4 d5 3. Nd2 Nf6 4. e5 Nfd7 5. Bd3 c5 6. c3 Nc6 7. Ne2 a5 8. 0-0 a4 9. Nf3 a3 10. c4 dxc4 11. Bxc4 cxd4 12. Nexd4 Ndxe5 13. Bb5 Bd7 14. Qe2 Nxf3+ 15. Nxf3 Qb6 16. Rd1 Ra5 17. Bc4 Be7 18. bxa3 Bf6 19. Be3 Qc7 20. Rab1 Rxa3 21. Bb6 Qf4 22. Be3 Qc7 23. Bc5 Rc3 24. Bd6 Qc8 25. Bb5 h6 26. Bb4 1-0

[Event "Oberliga Ost-B 1819"]
[Site "Germany"]
[Date "2018.12.16"]
[Round "5.5"]
[White "Mueller Ludwig, Kristin"]
[Black "Ungurean, Florin Ioan"]
[Result "1-0"]
[WhiteElo "2005"]
[BlackElo "2000"]
[PlyCount "43"]
[EventDate "2018.10.21"]
[EventType "team-tourn"]
[EventRounds "11"]
[EventCountry "GER"]
[SourceTitle "EXT 2020"]
[Source "ChessBase"]
[SourceDate "2019.10.17"]
[SourceVersion "1"]
[SourceVersionDate "2019.10.17"]
[SourceQuality "1"]
[WhiteTeam "Erfurt Medizin"]
[BlackTeam "Wiesbaden"]
[WhiteTeamCountry "GER"]
[BlackTeamCountry "GER"]

1. e4 c5 2. Nf3 e6 3. d4 cxd4 4. Nxd4 Nf6 5. Nc3 Bb4 6. Bd3 Nc6 7. Be3 d5 8. 0-0 0-0 9. exd5 Bxc3 10. dxc6 Bxb2 11. Rb1 Bxd4 12. Bxd4 bxc6 13. c3 Qd5 14. Qe2 c5 15. Bxf6 gxf6 16. Be4 Qe5 17. Qg4+ Kh8 18. Bxa8 Ba6 19. Rfe1 Qxc3 20. Qf3 Qd4 21. Re4 Qd8 22. Rb8 1-0

[Event "Oberliga Ost-B 1819"]
[Site "Germany"]
[Date "2018.12.15"]
[Round "4.5"]
[White "Graf, Gerd"]
[Black "Mueller Ludwig, Kristin"]
[Result "1-0"]
[WhiteElo "2236"]
[BlackElo "2005"]
[PlyCount "63"]
[EventDate "2018.10.21"]
[EventType "team-tourn"]
[EventRounds "11"]
[EventCountry "GER"]
[SourceTitle "EXT 2020"]
[Source "ChessBase"]
[SourceDate "2019.10.17"]
[SourceVersion "1"]
[SourceVersionDate "2019.10.17"]
[SourceQuality "1"]
[WhiteTeam "Nied Koenig"]
[BlackTeam "Erfurt Medizin"]
[WhiteTeamCountry "GER"]
[BlackTeamCountry "GER"]

1. Nf3 Nf6 2. g3 g6 3. Bg2 Bg7 4. d3 c5 5. 0-0 0-0 6. e4 Nc6 7. Nc3 d6 8. h3 Rb8 9. a4 a6 10. Be3 b5 11. axb5 axb5 12. Qd2 Bd7 13. Bh6 e5 14. Bxg7 Kxg7 15. Ne2 Ra8 16. c3 Qb6 17. Nh4 Ra7 18. Nf5+ Bxf5 19. exf5 Rfa8 20. Rab1 Ra4 21. g4 R8a6 22. Ng3 Qa7 23. Kh1 Rf4 24. Ne2 Rfa4 25. f4 exf4 26. Nxf4 Ne5 27. g5 Ne8 28. f6+ Kg8 29. Rbe1 Ra1 30. d4 cxd4 31. cxd4 Rxe1 32. Rxe1 1-0

[Event "Oberliga Ost-B 1819"]
[Site "Germany"]
[Date "2018.11.11"]
[Round "3.6"]
[White "Mueller Ludwig, Kristin"]
[Black "Rudnizki, Sergej"]
[Result "1/2-1/2"]
[WhiteElo "2005"]
[BlackElo "2145"]
[PlyCount "20"]
[EventDate "2018.10.21"]
[EventType "team-tourn"]
[EventRounds "11"]
[EventCountry "GER"]
[SourceTitle "EXT 2020"]
[Source "ChessBase"]
[SourceDate "2019.10.17"]
[SourceVersion "1"]
[SourceVersionDate "2019.10.17"]
[SourceQuality "1"]
[WhiteTeam "Erfurt Medizin"]
[BlackTeam "Erfurt Empor"]
[WhiteTeamCountry "GER"]
[BlackTeamCountry "GER"]

1. e4 e5 2. Nf3 Nc6 3. Bb5 a6 4. Ba4 Nf6 5. d3 b5 6. Bb3 Be7 7. 0-0 d6 8. c3 0-0 9. Nbd2 h6 10. Re1 Nh7 1/2-1/2

[Event "Pardubice Czech op-B 29th"]
[Site "Pardubice"]
[Date "2018.07.25"]
[Round "6"]
[White "Mueller Ludwig, Kristin"]
[Black "Slonimskij, Arkadij"]
[Result "1/2-1/2"]
[WhiteElo "2019"]
[BlackElo "2114"]
[PlyCount "122"]
[EventDate "2018.07.20"]
[EventType "swiss"]
[EventRounds "9"]
[EventCountry "CZE"]
[SourceTitle "CBM 186 Extra"]
[Source "ChessBase"]
[SourceDate "2018.08.24"]
[SourceVersion "1"]
[SourceVersionDate "2018.08.24"]
[SourceQuality "1"]

1. e4 Nf6 2. e5 Nd5 3. d4 d6 4. c4 Nb6 5. exd6 exd6 6. Nf3 Bg4 7. Be2 Nc6 8. 0-0 Be7 9. Re1 0-0 10. Nc3 Bf6 11. c5 Nd7 12. cxd6 cxd6 13. Be3 Nb6 14. Rc1 Re8 15. a3 d5 16. b3 Rc8 17. Qd3 g6 18. h3 Bf5 19. Qd2 Be7 20. Ra1 Na5 21. Bd1 Nc6 22. Bf4 Qd7 23. Be5 f6 24. Bg3 Bd6 25. Bxd6 Qxd6 26. Nb5 Qd7 27. Qf4 Re4 28. Qd6 Rd8 29. Qxf6 a6 30. Nc3 Rxe1+ 31. Nxe1 Qg7 32. Qxg7+ Kxg7 33. Nf3 Be4 34. Ng5 Bf5 35. Bg4 h6 36. Bxf5 hxg5 37. Bg4 Nxd4 38. Rd1 Nc6 39. Bf3 d4 40. Ne4 Rd5 41. b4 Ne5 42. Nxg5 Nxf3+ 43. Nxf3 d3 44. Nd2 Kf6 45. f4 Ke6 46. g4 Rd4 47. Nf3 Rxf4 48. Rxd3 Nd5 49. Kf2 Rc4 50. Nd2 Rc3 51. Rxc3 Nxc3 52. h4 Ke5 53. Kf3 b5 54. h5 gxh5 55. gxh5 Nd5 56. Ne4 Kf5 57. Nc5 Nb6 58. Nxa6 Nc4 59. Nc7 Nxa3 60. Nd5 Kg5 61. Ke3 Nb1 1/2-1/2

[Event "Pardubice Czech op-B 29th"]
[Site "Pardubice"]
[Date "2018.07.24"]
[Round "5"]
[White "Sim, Jia Ru"]
[Black "Mueller Ludwig, Kristin"]
[Result "0-1"]
[WhiteElo "1917"]
[BlackElo "2019"]
[PlyCount "64"]
[EventDate "2018.07.20"]
[EventType "swiss"]
[EventRounds "9"]
[EventCountry "CZE"]
[SourceTitle "CBM 186 Extra"]
[Source "ChessBase"]
[SourceDate "2018.08.24"]
[SourceVersion "1"]
[SourceVersionDate "2018.08.24"]
[SourceQuality "1"]

1. e4 e6 2. d4 d5 3. e5 c5 4. c3 Nc6 5. Nf3 Qb6 6. a3 c4 7. Nbd2 Na5 8. g3 Bd7 9. Bh3 Be7 10. 0-0 h5 11. Ne1 g5 12. g4 hxg4 13. Bxg4 Nh6 14. Ng2 Nxg4 15. Qxg4 0-0-0 16. Re1 Rdg8 17. Nf3 Nb3 18. Rb1 Nxc1 19. Rexc1 Rg6 20. Ne3 Qc7 21. Kf1 f5 22. exf6 Rxf6 23. Rc2 Bd6 24. Qg2 Rhf8 25. Nxg5 Bf4 26. Nxd5 exd5 27. Nh7 Rh6 28. Ng5 Bxg5 29. Qxg5 Rxh2 30. Re1 Rh1+ 31. Ke2 Re8+ 32. Kd2 Rhxe1 0-1

[Event "BL 1718 (Women)"]
[Site "Germany"]
[Date "2017.12.16"]
[Round "4.2"]
[White "Javakhishvili, Lela"]
[Black "Mueller Ludwig, Kristin"]
[Result "1-0"]
[WhiteElo "2438"]
[BlackElo "2069"]
[PlyCount "63"]
[EventDate "2017.10.01"]
[EventType "team-tourn"]
[EventRounds "11"]
[EventCountry "GER"]
[SourceTitle "EXT 2019"]
[Source "ChessBase"]
[SourceDate "2018.10.10"]
[SourceVersion "1"]
[SourceVersionDate "2018.10.10"]
[SourceQuality "1"]
[WhiteTeam "Schwaebisch Hall (W)"]
[BlackTeam "Erfurt Medizin (W)"]
[WhiteTeamCountry "GER"]
[BlackTeamCountry "GER"]

1. d4 Nf6 2. c4 g6 3. Nc3 Bg7 4. e4 d6 5. Nf3 0-0 6. Be2 e5 7. Be3 Nc6 8. d5 Ne7 9. Nd2 Ne8 10. 0-0 f5 11. f3 Kh8 12. c5 Ng8 13. cxd6 cxd6 14. Nc4 f4 15. Bf2 h5 16. Nb5 a6 17. Nba3 g5 18. Nb6 Rb8 19. Nac4 Ngf6 20. Qb3 Rf7 21. Rac1 Bd7 22. Nxd7 Qxd7 23. Nb6 Qd8 24. Rc4 Bf8 25. Rfc1 Nd7 26. Rc8 Rxc8 27. Rxc8 Qe7 28. Qa4 Ndf6 29. Na8 Qd7 30. Qxd7 Rxd7 31. Bb6 Kg8 32. b4 1-0